| Поле | Название | Значение |
| |
Тип записи |
a |
| |
Библиографический уровень |
a |
| 001 |
Контрольный номер |
RU/REG73/CBS_GRAD/57fbfc403df9437ba3a24d3b13e0048c |
| 005 |
Дата корректировки |
20260121162233.4 |
| 100 |
Данные общей обработки |
__ |
| a |
Данные общей обработки |
20260114a2025####|||y0rusy0189 ca |
| 101 |
Язык документа |
0_ |
| a |
Язык текста |
rus |
| 102 |
Страна публикации |
__ |
| a |
Страна публикации |
RU |
| 200 |
Заглавие и сведения об ответственности |
1_ |
| a |
Заглавие |
Сколько лет "Святому семейству" и кто автор "Дамы в треуголке" |
| e |
Сведения, относящиеся к заглавию |
130 лет Ульяновскому областному художественному музею |
| f |
Первые сведения об ответственности |
Ирина Антонова |
| 333 |
Примечание о целевом назначении |
__ |
| a |
Примечание о целевом назначении |
12+ |
| 461 |
Уровень набора |
_0 |
| 1 |
|
2000 |
| a |
|
Симбирскъ |
| 463 |
Уровень физической единицы |
_0 |
| 1 |
|
2000 |
| a |
|
№ 6 (117) |
| v |
|
С. 54-58: ил., фот. |
| 1 |
|
2101 |
| d |
|
2025 |
| 1 |
|
001RU/REG73/CBS_GRAD/2cdd9825961b475798d46304ea74a9d4 |
| 606 |
Тематические рубрики |
0_ |
| a |
Основная рубрика |
Музеи |
| 610 |
Ключевые слова |
0_ |
| a |
Ключевые слова |
краеведение Ульяновской области, музеи, художественные музеи, юбилеи музеев |
| 686 |
Индексы других классификаций |
__ |
| a |
Классификационный индекс |
79.1 |
| 700 |
Автор |
_1 |
| a |
Фамилия |
Антонова |
| b |
Имя (инициалы) |
И. |
| g |
Полное личное имя |
Ирина |
| 801 |
Источник записи |
_0 |
| a |
Страна |
RU |
| b |
Организация |
RuCBSGrad |
| c |
Дата составления |
20260121 |
| g |
Правила каталогизации |
RCR |
| 801 |
Источник записи |
_1 |
| a |
Страна |
RU |
| b |
Организация |
RuCBSGrad |
| c |
Дата составления |
20260121 |
| g |
Правила каталогизации |
RCR |
| 852 |
Данные о местонахождении |
__ |
| a |
Наименование организации |
МБУК ЦБС г. Димитровграда |
| 901 |
Тип документа |
__ |
| t |
Тип документа |
b |
| w |
Контрольный № источника |
RU/REG73/CBS_GRAD/2cdd9825961b475798d46304ea74a9d4 |
| 909 |
Создатель записи |
__ |
| a |
Создатель записи |
Тенигина |
| b |
Дата создания записи |
20260121 |